000 00654nam a22001817a 4500
005 2010080304134.0
010 _aENG-97943
020 _c185.00
035 _aEN-81476
037 _bDBAD/PUB
082 _a363.7
245 _aThe environmental (protection) act, 1986 :
_b(29 of 1986) /
260 _aDelhi
_bUniversal Law Publishing
_c2010
270 _aC-FF-1A, Dilkhush Industrial Estate,G.T Karnal Road
_bDelhi
_e110033
300 _ax, 326p.
_c24cm (pbk)
942 _2ddc
_cEN
_h363.7
_mENV
999 _c39000
_d39000